Gaming Quiz

Random Gaming Quiz

SAS Zombie Assault 3 zombies Quiz Stats

 Plays Quiz not verified by Sporcle

Challenge
Share
Tweet
Embed
Score 0/10 Timer 02:00
0 Plays Today
% Correct
Butcher
85.7%
Devastator
78.6%
Choker
75%
Shadow
75%
Sprinter
71.4%
Skeleton
60.7%
Zombie Nest
60.7%
Swarmer
57.1%
Mamushka
57.1%
Worms
50%

You're not logged in!

Compare scores with friends on all Sporcle quizzes.
Join for Free
OR
Log In

You Might Also Like...

Show Comments

Extras

Created May 11, 2012ReportNominate
Tags:assault, comby, sas, zombies

Top Quizzes Today


Score Distribution

Your Account Isn't Verified!

In order to create a playlist on Sporcle, you need to verify the email address you used during registration. Go to your Sporcle Settings to finish the process.

Report this User

Report this user for behavior that violates our Community Guidelines.

Details: